Catalog

Record Details

Catalog Search



Molecular Chaperones Cover Image E-book E-book

Molecular Chaperones [electronic resource] / edited by Sophie Jackson.

Jackson, Sophie. (editor.). SpringerLink (Online service) (Added Author).

Record details

  • ISBN: 9783642345524
  • Physical Description: VII, 272 p. 55 illus., 45 illus. in color. online resource.
  • Publisher: Berlin, Heidelberg : Springer Berlin Heidelberg : 2013.
Subject: Chemistry.
Biotechnology.
Bioorganic chemistry.
Biochemistry.
Chemistry.
Bioorganic Chemistry.
Protein Science.
Biophysics and Biological Physics.
Biotechnology.

Electronic resources


LDR 01620nam a22004455i 4500
00133791
003CONS
00520130727064532.0
007cr nn 008mamaa
008121215s2013 gw | s |||| 0|eng d
020 . ‡a9783642345524 ‡9978-3-642-34552-4
0247 . ‡a10.1007/978-3-642-34552-4 ‡2doi
035 . ‡a(DE-He213)978-3-642-34552-4
050 4. ‡aQD241-441
072 7. ‡aPSB ‡2bicssc
072 7. ‡aSCI013040 ‡2bisacsh
072 7. ‡aSCI007000 ‡2bisacsh
1001 . ‡aJackson, Sophie. ‡eeditor.
24510. ‡aMolecular Chaperones ‡h[electronic resource] / ‡cedited by Sophie Jackson.
264 1. ‡aBerlin, Heidelberg : ‡bSpringer Berlin Heidelberg : ‡bImprint: Springer, ‡c2013.
300 . ‡aVII, 272 p. 55 illus., 45 illus. in color. ‡bonline resource.
336 . ‡atext ‡btxt ‡2rdacontent
337 . ‡acomputer ‡bc ‡2rdamedia
338 . ‡aonline resource ‡bcr ‡2rdacarrier
347 . ‡atext file ‡bPDF ‡2rda
4901 . ‡aTopics in Current Chemistry, ‡x0340-1022 ; ‡v328
650 0. ‡aChemistry.
650 0. ‡aBiotechnology.
650 0. ‡aBioorganic chemistry.
650 0. ‡aBiochemistry.
65014. ‡aChemistry.
65024. ‡aBioorganic Chemistry.
65024. ‡aProtein Science.
65024. ‡aBiophysics and Biological Physics.
65024. ‡aBiotechnology.
7102 . ‡aSpringerLink (Online service)
7730 . ‡tSpringer eBooks
77608. ‡iPrinted edition: ‡z9783642345517
830 0. ‡aTopics in Current Chemistry, ‡x0340-1022 ; ‡v328
85640. ‡uhttp://biblioteca.ipicyt.edu.mx:2048/login?url=http://dx.doi.org/10.1007/978-3-642-34552-4 ‡yTexto completo ‡9CONS
950 . ‡aChemistry and Materials Science (Springer-11644)
901 . ‡a33791 ‡b ‡c33791 ‡tbiblio ‡sSystem Local

Additional Resources